| 000 | 01100nam a22003377a 4500 | ||
|---|---|---|---|
| 003 | CHAP | ||
| 005 | 20220329134312.0 | ||
| 008 | 971013s1979 r 00010 d | ||
| 010 | _a18420 | ||
| 011 | _a19392 | ||
| 035 | _a23477 | ||
| 040 | _cCHAP | ||
| 082 |
_a595.76 _bB64 |
||
| 100 | 0 | 0 |
_aBoer, P. J. Den _eed. _913385 |
| 245 | _aOn the evolution of behavior in carabid beetles ; report of a symposium .... | ||
| 260 |
_aWageningen : _bVeenman & Zonen, _c1979 |
||
| 300 |
_a222 p. _b: ilus. ; gráfs. |
||
| 490 |
_aMiscellaneous papaers _v; 18 |
||
| 590 |
_aBATCH-UPD _b10 _c20130110 _lUCH01 _h1925 |
||
| 590 |
_aBATCH-UPD _b10 _c20130410 _lUCH01 _h1250 |
||
| 590 |
_aBATCH-UPD _b10 _c20130914 _lUCH01 _h1318 |
||
| 590 |
_aCONVERSION _b10 _c20130109 _lUCH01 _h1311 |
||
| 650 | 1 | 4 |
_aEscarabajos. _937465 |
| 650 | 1 | 4 |
_aInsectos _xHábitos y conducta. _958927 |
| 700 | 0 |
_aThiele, H. V. _eed. _9112775 |
|
| 700 | 0 |
_aWeber, F. _eed. _9121291 |
|
| 830 | 0 |
_aMiscellaneous papaers _v; 18 _976160 |
|
| 901 | _aBK | ||
| 942 | _cLIBRO | ||
| 949 |
_a595.76 B64 _bBC _cLIBRO _d33724000369260 _eLIBRO _h50318 _i23477 _si |
||
| 999 |
_c18420 _d18420 |
||